Schaum's outline of theory and problems of modern algebra (Record no. 63821)

000 -LEADER
fixed length control field 00523nam a22001817a 4500
003 - CONTROL NUMBER IDENTIFIER
control field NUST - PNEC
005 - DATE AND TIME OF LATEST TRANSACTION
control field 20170116180824.0
008 - FIXED-LENGTH DATA ELEMENTS--GENERAL INFORMATION
fixed length control field 150624b xxu||||| |||| 00| 0 eng d
020 ## - INTERNATIONAL STANDARD BOOK NUMBER
International Standard Book Number -
040 ## - CATALOGING SOURCE
Transcribing agency LIBRARY
082 ## - DEWEY DECIMAL CLASSIFICATION NUMBER
Classification number 512 AYR
100 ## - MAIN ENTRY--PERSONAL NAME
9 (RLIN) 4258
Personal name Ayres, Frank
245 ## - TITLE STATEMENT
Title Schaum's outline of theory and problems of modern algebra
Statement of responsibility, etc. Frank Ayres, JR., Ph.D.
260 ## - PUBLICATION, DISTRIBUTION, ETC.
Place of publication, distribution, etc. New York:
Name of publisher, distributor, etc. Schaum's Outline series,
Date of publication, distribution, etc. c1965.
300 ## - PHYSICAL DESCRIPTION
Extent 245 p. :
Dimensions 27 cm.
650 ## - SUBJECT ADDED ENTRY--TOPICAL TERM
9 (RLIN) 4256
Topical term or geographic name entry element Algebra, Mathematics
General subdivision ME
942 ## - ADDED ENTRY ELEMENTS (KOHA)
Source of classification or shelving scheme
Koha item type Book
Holdings
Withdrawn status Lost status Source of classification or shelving scheme Damaged status Not for loan Permanent Location Current Location Shelving location Date acquired Total Checkouts Full call number Barcode Date last seen Price effective from Koha item type
          Pakistan Navy Engineering College (PNEC) Pakistan Navy Engineering College (PNEC)   09/25/1990   512 AYR PNECLIB-002912 06/29/2015 06/29/2015 Book
© 2023 Central Library, National University of Sciences and Technology. All Rights Reserved.